=LDR 00000nam 2200000 4500 =001 INLIS000000000031442 =005 20130612133520 =008 ***********************************Ind** =035 ##$$0010-061300000031442 =041 ##$$a Ind =082 ##$$a 339.46 =090 ##$$a 339.46, Lis d =100 ##$$a Listyaningsih, Umi =245 ##$$a Dinamika Kemiskinan di Yogyakarta, Analisis data hasil survie aspek kehidupan Rumah Tangga Indonesia Tahun 1997 dan 2000, Umi Listyaningsih =260 ##$$a 2004 $b Yogyakarta =300 ##$$a xi, 101 hlm, ilus, 21 cm =650 ##$$a Kemiskinan =850 ##$$a NBPNMAT